El orden prodigioso del mundo natural

Gespeichert in:
Bibliographische Detailangaben
1. Verfasser: Philippi, Rodulfo Amando (VerfasserIn)
Format: Buch
Sprache:Spanisch
Veröffentlicht: Valdivia Universidad Austral de Chile 2003
Ausgabe:1a. ed
Schriftenreihe:Colección Patrimonio Institucional
Schlagworte:
Tags: Tag hinzufügen
Keine Tags, Fügen Sie den ersten Tag hinzu!

MARC

LEADER 00000cam a2200000 a 4500
001 UCC5678
003 CL-VaPUC
008 181021e20030000cl |||||||||||||||||spa|d
020 |a 9789569412981 
082 0 4 |a 509.83  |b PHI  |2 21 
100 0 |a Philippi, Rodulfo Amando  |e author  |9 505016 
245 1 3 |a El orden prodigioso del mundo natural 
250 |a 1a. ed 
300 |a 195 p 
942 |c BK 
945 |d 20181021 19:29:00  |a dcastane 
260 |a Valdivia  |b Universidad Austral de Chile  |c 2003 
650 0 |a Historia natural   |9 268584 
650 0 |a Flora y fauna  |9 338564 
583 |a last modification  |c 20181021 19:29:00  |k Rodrigo Vera 
490 0 |a Colección Patrimonio Institucional 
999 |c 372819  |d 372817 
952 |0 0  |1 0  |3 erb  |4 0  |6 509_830000000000000_PHI_2003  |7 0  |8 A  |9 490673  |a BIBHIS  |b BIBHIS  |i 550953K  |l 4  |o 509.83 PHI 2003  |p 550953K  |r 2025-01-20  |s 2024-11-13  |w 2019-11-24  |y BK  |z Catalogado en:20181021  |k HIS